| 000 | 00580nam a22001937a 4500 | ||
|---|---|---|---|
| 003 | NUST - PNEC | ||
| 005 | 20170116180811.0 | ||
| 008 | 150504b xxu||||| |||| 00| 0 eng d | ||
| 020 | _a0023442077 | ||
| 040 | _cLIBRARY | ||
| 082 | _a363.11 GOE | ||
| 100 |
_93390 _aGoetsch, David L. |
||
| 245 |
_a Industrial safety and health in the age of high technology. _cDavid L. Goetsch. |
||
| 250 | _a- | ||
| 260 |
_aUSA : _bNew York, _cc 1993. |
||
| 300 | _a563 p . : | ||
| 650 |
_93391 _aIndustrial safety and health in the age of high technology _xUnited States |
||
| 942 |
_2ddc _cBK |
||
| 999 |
_c63382 _d63382 |
||